Effectif Racing 92 2026 - Statistiques

Statistiques générales
  • Ce quiz a été pris 7 fois
  • Le résultat moyen est 20 sur 53
Statistiques - réponses
Poste Nationalité Statut Match Joué Joueur % Correct
Pilier Droit France International 19 Demba Bamba
100%
Centre France International 14 Gaël Fickou
80%
Talonneur France Pro 14 Janick Tarrit
80%
Arrière France International 13 Max Spring
80%
Talonneur Chili International 14 Diego Escobar
60%
Troisième Ligne Afrique du Sud Pro 3 Hacjivah Dayimani
60%
Troisième Ligne France International 2 Ibrahim Diallo
60%
Centre Nouvelle-Zélande Pro 15 Joey Manu
60%
Deuxième Ligne Angleterre International 19 Jonny Hill
60%
Centre Fidji International 15 Josua Tuisova
60%
Demi de Mêlée France Espoir 19 Léo Carbonneau
60%
Troisième Ligne France Pro 21 Maxime Baudonne
60%
Entraineur France Patrice Collazo
60%
Deuxième Ligne France Pro 18 Thomas Lainault
60%
Demi D'Ouverture France Pro 17 Ugo Seunes
60%
Ailier Fidji International 18 Vinaya Habosi
60%
Ailier Fidji Pro 3 Wame Naituvi
60%
Deuxième Ligne Pays-de-Galles International 8 Will Rowlands
60%
Demi de Mêlée/Ouverture France Pro 17 Antoine Gibert
40%
Talonneur Australie International 1 Feleti Kaitu'u
40%
Pilier Gauche Georgie International 19 Guram Gogichashvili
40%
Pilier Gauche France International 14 Hassane Kolingar
40%
Troisième Ligne France International 10 Jordan Joseph
40%
Demi de Mêlée France Espoir 10 Kléo Labarbe
40%
Troisième Ligne Fidji International 18 Lekima Tagitagivalu
40%
Talonneur France Espoir 1 Robin Couly
40%
Deuxième Ligne France International 15 Romain Taofifenua
40%
Centre Angleterre Pro 15 Sam James
40%
Ailier Fidji International 11 Selestino Ravutaumada
40%
Troisième Ligne France Espoir 4 Soumalia Camara
40%
Pilier Droit Australie International 6 Taniela Tupou
40%
Ailier France Pro 15 Wilfried Hulleu
40%
Talonneur France Espoir 12 Yanis Basse
40%
Président France Arnaud Tourtoulou
20%
Arrière France Espoir 1 Arthur Roche
20%
Troisième Ligne France International 9 Fabien Sanconnie
20%
Demi D'Ouverture Argentine International 12 Geronimo Priscientelli
20%
Pilier Droit Georgie International 17 Gia Kharaishvili
20%
Pilier Gauche France Espoir 2 Lino Julien
20%
Troisième Ligne France Espoir 1 Matis Julien
20%
Ailier France Espoir 6 Nolann Donguy
20%
Troisième Ligne Zimbabwe Espoir 11 Shingi Manyarara
20%
Centre Georgie Espoir 5 Vladi Ashvetia
20%
Demi de Mêlée France Espoir 3 Antoine Latrasse
0%
Centre France Espoir 2 Arthur Espeut
0%
Troisième Ligne France Espoir 4 Auguste Albuisson
0%
Pilier Gauche/Droit France Espoir 10 Edouard-Junior Jabea Njocke
0%
Talonneur France Espoir 2 Elia Massi
0%
Pilier Gauche/Droit Namibie Espoir 2 Hermann Coetzee
0%
Pilier Gauche/Droit/Talonneur Australie Espoir 5 Lehopa Leota
0%
Troisième Ligne Angleterre International 19 Nathan Hugues
0%
Troisième Ligne France Espoir 11 Noa Zinzen
0%
Centre France Espoir 1 Noham Valeu
0%
Aucun quiz correspondant
Distribution des résultats
% des personnes avec chaque résultat
Percentile par nombre de réponses
Votre historique - résultats
Vous n’avez pas pris ce quiz